Zdroj tepla na báze biomasy spaľujúci drevné štiepky pre základnú školu v Habovke

Saved in:
Bibliographic Details
Main Author: Jandura, Matej, 1986- (Author)
Other Authors: Takács, Ján, 1954- (Thesis advisor)
Format: Manuscript Book
Language:English
Published: Bratislava : STU v Bratislave SvF, 2012
Subjects:
Online Access:VAIS
Tags: Add Tag
No Tags, Be the first to tag this record!

MARC

LEADER 00000ntm a22000003a 4500
001 stu251770
005 20150617230227.7
008 120720s2012----xo------------------eng-d
040 |a STU  |b slo 
041 0 |a eng 
044 |a xo 
100 1 |a Jandura, Matej,  |d 1986-  |4 aut  |u V180  |U SvF Stavebná fakulta  |T SvF Katedra konštrukcií pozemných stavieb  |X 27825  |U V180  |Y 18  |7 A000027825 
242 0 0 |a The heat source of biomass fired chips for primary school Habovka  |y eng 
245 1 |a Zdroj tepla na báze biomasy spaľujúci drevné štiepky pre základnú školu v Habovke 
260 |a Bratislava :  |b STU v Bratislave SvF,  |c 2012 
650 7 |a technické zariadenia budov  |2 stusub 
650 7 |a Building Services  |2 estusub 
650 7 |a biomass  |2 estusub 
650 7 |a boiler  |2 estusub 
650 7 |a kotol  |2 stusub 
650 7 |a biomasa  |2 stusub 
700 1 |a Takács, Ján,  |d 1954-  |4 ths  |u V290  |U SvF Stavebná fakulta  |T SvF Katedra technických zariadení budov  |X 663  |U V290  |Y 31  |7 A000000663 
856 4 |a info a plný text  |u http://is.stuba.sk/zp/portal_zp.pl?podrobnosti=84325  |3 VAIS